Statistics for Famous Seinfeld Phrases

Click here to take the quiz!

General Stats

  • This quiz has been taken 1,234 times
  • The average score is 10 of 13

Answer Stats

Hint Answer % Correct
No ____ for you!soup
98%
These pretzels are making me _______.thirsty
97%
She has man _____.hands
95%
Not that there's anything _____ ____ ____.wrong with that
94%
Can't spare a ______.square
90%
Serenity ___!now
89%
I think I can sum up the show for you with one word, _______.nothing
88%
You're an anti-_______.dentite
87%
Hello, ______.Newman
79%
They're real, and they're ___________.spectacular
78%
You're killing ___________ Georgeindependent
60%
It's one day. Half a day, really. I mean you subtract showers and meals, it's like ______ _______.twenty minutes
16%
You should've seen her face. It was the exact same look my father gave me when I told him I wanted to be a _____________.ventriloquist
10%

Score Distribution

Percentile by Number Answered

Percent of People with Each Score

Your Score History

You have not taken this quiz